000 00862nam a2200277Ia 4500
001 Para_1791
003 CHAP
008 220125s1974 xx 000 0 und d
010 _a200442
040 _cCHAP
082 _aPA 634.3063 P7 1974
100 _aWathers, L.G., ed.
_9165317
245 _aProceedings of the international organization of citrus virologists /
_c ed. L.G. Weathers and M. Cohen
260 _aRiverside, Cal. :
_b University of California. División of Agricutural Sciences
300 _a232 p.
650 _aCitricos
_x congresos
_924414
650 _aCitricos
_x enfermedades por virus
_924427
700 _aCohen, M.
_9165318
901 _aPA 634.3063 P7 1974
902 _aA
905 _a0000001974 ai 0000000000 00
910 _a1974
942 _cPARA
942 _cPARA
_d1
999 _c200442
_d200442